000 01250nam a22001337a 4500
008 150430b xxu||||| |||| 00| 0 eng d
082 _a720
_bC 764c
100 _aConstructing Paradise Reader on Nature & Culture
_92548
245 _aConstructing Paradise Reader on Nature & Culture (compilación)
300 _a200 p
_bill.
505 _t"Biophilia and the Conservation Ethic"
_rE.O. Wilson
_t "The Biological Basis por Human Values of Nature"
_rS.R. Kellert.
_tAesthetics and the Environment. The appreciation of nature, art and architecture.
_rA. Carlson.
_t"The Development of Culture"
_rA. Van der Staay,
_t"Architecture and City in the Caribbean: The Reinvention of Paradise"
_rR. Segre
_t"Designing and Building in the Tropics"
_rB. Stagno
_t "Architectural Responses in Tropical India"
_rR. Mehrotra
_t"Architecture for a Latitude"
_r B. Stagno
_t "Bruno Stagno and Architectural Biodiversity"
_rA. Tzonis and L. Lefaivre
_t"Paintings of Mustang by Robert Powell"
_rR. Vitaly
_t "A Fusion of Nature and Culture in Desing"
_rA. Badshah, N. Ardalan
_tSupersudaca
650 _xArquitectura
_xAntología (compilación)
_xEtica
_xEstetica
_xCultura
_xArquitectura caribeña
_xArquitectura tropical
_92549
700 _aConstructing Paradise Reader on Nature & Culture
_92550
999 _c560
_d560